[Event "Ciutat Barcelona CAT-ARG 2018"]
[Site "Barcelona"]
[Date "2018.10.14"]
[Round "13"]
[White "Pichot, Alan"]
[Black "Diaz Camallonga, Carles"]
[Result "0-1"]
[WhiteElo "2556"]
[BlackElo "2444"]
[Annotator "ChessBase"]
[PlyCount "126"]
[EventDate "2018.10.08"]
[EventCountry "ESP"]
[SourceTitle "playchess.com"]
[Source "ChessBase"]
[SourceQuality "1"]
[TimeControl "900+5"]

1. e4 {[%emt 0:00:00]} e6 {[%emt 0:00:00]} 2. d4 {[%emt 0:00:00]} d5 {[%emt 0:00:00]} 3. Nc3 {[%emt 0:00:00]} Bb4 {[%emt 0:00:00]} 4. e5 {[%emt 0:00:00]} c5 {[%emt 0:00:01]} 5. a3 {[%emt 0:00:01]} Bxc3+ {[%emt 0:00:01]} 6. bxc3 {[%emt 0:00:01]} Qa5 {[%emt 0:00:04]} 7. Bd2 {[%emt 0:00:02]} Qa4 {[%emt 0:00:01]} 8. Qb1 {[%emt 0:00:40]} c4 {[%emt 0:00:01]} 9. Ne2 {[%emt 0:00:03]} Nc6 {[%emt 0:00:02]} 10. Nf4 {[%emt 0:00:05]} Bd7 {[%emt 0:00:01]} 11. h4 {[%emt 0:00:13]} O-O-O {[%emt 0:00:09]} 12. g3 {[%emt 0:00:16]} b6 {[%emt 0:01:05]} 13. Bh3 {[%emt 0:00:03]} Re8 {[%emt 0:00:05]} 14. O-O {[%emt 0:00:37]} f6 {[%emt 0:00:15]} 15. Re1 {[%emt 0:00:16]} fxe5 {[%emt 0:00:46]} 16. dxe5 {[%emt 0:00:02]} Re7 {[%emt 0:00:57]} 17. Qd1 Kb8 {[%emt 0:03:53]} 18. Rb1 {[%emt 0:05:38]} Ka8 {[%emt 0:00:21]} 19. Ne2 {[%emt 0:01:17]} Rf7 {[%emt 0:00:35]} 20. Nf4 {[%emt 0:00:41]} Re7 {[%emt 0:00:02]} 21. Bg2 {[%emt 0:00:01]} Re8 {[%emt 0:00:20]} 22. Nxd5 {[%emt 0:00:41]} exd5 {[%emt 0:00:11]} 23. Bxd5 {[%emt 0:00:02]} Nge7 {[%emt 0:00:19]} 24. Bg2 {[%emt 0:00:30]} Be6 {[%emt 0:00:07]} 25. Bg5 {[%emt 0:00:07]} Rd8 {[%emt 0:00:06]} 26. Qe2 {[%emt 0:00:59]} Bd5 {[%emt 0:00:18]} 27. Bxd5 {[%emt 0:01:36]} Rxd5 {[%emt 0:00:22]} 28. Rbd1 {[%emt 0:01:36]} Qb5 {[%emt 0:01:00]} 29. Rxd5 {[%emt 0:00:28]} Nxd5 {[%emt 0:00:27]} 30. e6 {[%emt 0:00:18]} h6 {[%emt 0:00:09]} 31. Bd2 {[%emt 0:00:13]} Nde7 {[%emt 0:00:06]} 32. Qg4 {[%emt 0:00:14]} Rg8 {[%emt 0:00:13]} 33. Bf4 g5 {[%emt 0:00:38]} 34. Bd6 {[%emt 0:00:38]} Qf5 {[%emt 0:01:27]} 35. Qxc4 Qd5 {[%emt 0:00:32]} 36. Qxd5 {[%emt 0:00:20]} Nxd5 {[%emt 0:00:01]} 37. c4 {[%emt 0:00:01]} Nde7 {[%emt 0:00:04]} 38. hxg5 {[%emt 0:00:20]} hxg5 {[%emt 0:00:01]} 39. Kg2 Nf5 {[%emt 0:00:08]} 40. Be5 {[%emt 0:00:13]} Re8 {[%emt 0:00:08]} 41. Bf6 {[%emt 0:00:01]} g4 42. Bg5 {[%emt 0:00:08]} Nfd4 {[%emt 0:00:23]} 43. Re4 {[%emt 0:00:07]} Rxe6 {[%emt 0:00:11]} 44. Rxg4 {[%emt 0:00:02]} Nxc2 {[%emt 0:00:03]} 45. Bf4 Nxa3 {[%emt 0:00:06]} 46. Rg8+ {[%emt 0:00:14]} Kb7 {[%emt 0:00:01]} 47. g4 {[%emt 0:00:02]} Nxc4 {[%emt 0:00:02]} 48. g5 {[%emt 0:00:01]} N4e5 {[%emt 0:00:00]} 49. Rg7+ {[%emt 0:00:02]} Ka6 {[%emt 0:00:04]} 50. Kg3 {[%emt 0:00:13]} Ng6 {[%emt 0:00:02]} 51. Be3 {[%emt 0:00:03]} Nce7 {[%emt 0:00:01]} 52. Rf7 {[%emt 0:00:03]} Kb5 {[%emt 0:00:05]} 53. Bd4 {[%emt 0:00:05]} Kc4 {[%emt 0:00:02]} 54. Bf6 {[%emt 0:00:03]} a5 {[%emt 0:00:05]} 55. f4 {[%emt 0:00:11]} Kd5 {[%emt 0:00:18]} 56. Kg4 {[%emt 0:00:01]} Ke4 {[%emt 0:00:05]} 57. Bxe7 {[%emt 0:00:02]} Nxe7 {[%emt 0:00:16]} 58. f5 {[%emt 0:00:00]} Re5 59. f6 {[%emt 0:00:06]} Nd5 {[%emt 0:00:13]} 60. g6 {[%emt 0:00:06]} Ne3+ {[%emt 0:00:06]} 61. Kh4 Kf3 {[%emt 0:00:30]} 62. Rh7 {[%emt 0:00:17]} Ng2+ {[%emt 0:00:11]} 63. Kh3 {[%emt 0:00:01]} Nf4+ {[%emt 0:00:01]} 0-1

[Event "Ciutat Barcelona CAT-ARG 2018"]
[Site "Barcelona"]
[Date "2018.10.14"]
[Round "13"]
[White "Perez Ponsa, Federico"]
[Black "Lopez Martinez, Josep Manuel"]
[Result "1-0"]
[WhiteElo "2554"]
[BlackElo "2581"]
[Annotator "ChessBase"]
[PlyCount "29"]
[EventDate "2018.10.08"]
[EventCountry "ESP"]
[SourceTitle "playchess.com"]
[Source "ChessBase"]
[SourceQuality "1"]
[TimeControl "900+5"]

1. e4 {[%emt 0:00:00]} e5 {[%emt 0:00:00]} 2. Nf3 {[%emt 0:00:00]} Nc6 {[%emt 0:00:00]} 3. Nc3 {[%emt 0:00:07]} Nf6 {[%emt 0:00:01]} 4. Bb5 {[%emt 0:00:05]} Bc5 {[%emt 0:00:22]} 5. O-O d6 6. d4 {[%emt 0:00:16]} exd4 {[%emt 0:00:47]} 7. Nxd4 {[%emt 0:00:02]} Bd7 {[%emt 0:00:05]} 8. Nf5 {[%emt 0:00:36]} O-O {[%emt 0:03:44]} 9. Bg5 Ne5 10. Bxd7 {[%emt 0:06:18]} Nexd7 {[%emt 0:00:08]} 11. Nd5 h6 12. Nde7+ {[%emt 0:03:12]} Kh7 {[%emt 0:04:36]} 13. Qc1 {[%emt 0:00:15]} Re8 14. Bxh6 {[%emt 0:00:21]} Rxe7 {[%emt 0:01:23]} 15. Bxg7 1-0

[Event "Ciutat Barcelona CAT-ARG 2018"]
[Site "Barcelona"]
[Date "2018.10.14"]
[Round "13"]
[White "Guerra Mendez, Jose Angel"]
[Black "Krysa, Leandro"]
[Result "1-0"]
[WhiteElo "2534"]
[BlackElo "2503"]
[Annotator "ChessBase"]
[PlyCount "127"]
[EventDate "2018.10.08"]
[EventCountry "ESP"]
[SourceTitle "playchess.com"]
[Source "ChessBase"]
[SourceQuality "1"]
[TimeControl "900+5"]

1. e4 {[%emt 0:00:00]} e5 {[%emt 0:00:00]} 2. Nf3 {[%emt 0:00:00]} Nc6 {[%emt 0:00:00]} 3. d4 {[%emt 0:00:02]} exd4 {[%emt 0:00:00]} 4. Nxd4 {[%emt 0:00:01]} Nf6 {[%emt 0:00:01]} 5. Nc3 {[%emt 0:00:02]} Bc5 {[%emt 0:00:03]} 6. Nxc6 {[%emt 0:00:08]} bxc6 {[%emt 0:00:01]} 7. Bd3 {[%emt 0:00:05]} O-O {[%emt 0:00:04]} 8. O-O {[%emt 0:00:04]} Re8 {[%emt 0:00:02]} 9. h3 {[%emt 0:00:23]} Rb8 {[%emt 0:00:27]} 10. Na4 {[%emt 0:01:11]} Bf8 {[%emt 0:00:08]} 11. Qf3 {[%emt 0:01:27]} d5 {[%emt 0:01:10]} 12. exd5 {[%emt 0:00:03]} cxd5 {[%emt 0:00:01]} 13. Bg5 {[%emt 0:00:14]} Bd7 {[%emt 0:01:33]} 14. Nc3 {[%emt 0:01:04]} c6 {[%emt 0:01:14]} 15. b3 {[%emt 0:00:01]} h6 {[%emt 0:00:01]} 16. Bxf6 {[%emt 0:01:29]} Qxf6 {[%emt 0:00:01]} 17. Qxf6 {[%emt 0:00:01]} gxf6 {[%emt 0:00:02]} 18. Ne2 {[%emt 0:00:02]} Re5 {[%emt 0:00:34]} 19. Rfe1 {[%emt 0:02:15]} Rbe8 {[%emt 0:01:39]} 20. Kf1 {[%emt 0:00:01]} Ba3 {[%emt 0:01:28]} 21. Rad1 {[%emt 0:00:36]} Kg7 {[%emt 0:01:40]} 22. c3 {[%emt 0:00:46]} a5 {[%emt 0:00:00]} 23. f4 {[%emt 0:00:56]} Re3 {[%emt 0:02:00]} 24. Nd4 {[%emt 0:00:05]} Bc5 {[%emt 0:01:13]} 25. Rxe3 {[%emt 0:01:08]} Rxe3 {[%emt 0:00:01]} 26. Kf2 {[%emt 0:00:01]} Re8 {[%emt 0:00:08]} 27. Re1 {[%emt 0:00:17]} Rb8 {[%emt 0:00:17]} 28. Kf3 {[%emt 0:00:41]} a4 {[%emt 0:00:45]} 29. bxa4 {[%emt 0:00:26]} Rb2 {[%emt 0:01:49]} 30. Re2 {[%emt 0:00:00]} Rb7 {[%emt 0:00:01]} 31. Nf5+ {[%emt 0:02:16]} Bxf5 {[%emt 0:00:17]} 32. Bxf5 {[%emt 0:00:01]} Ra7 {[%emt 0:00:11]} 33. Bc2 {[%emt 0:00:02]} Bb6 {[%emt 0:00:07]} 34. Bb3 {[%emt 0:00:28]} Ba5 {[%emt 0:00:04]} 35. c4 {[%emt 0:00:24]} d4 {[%emt 0:00:26]} 36. Ke4 {[%emt 0:00:01]} Re7+ {[%emt 0:00:07]} 37. Kd3 {[%emt 0:00:00]} Rxe2 38. Kxe2 {[%emt 0:00:01]} c5 {[%emt 0:00:08]} 39. Bc2 {[%emt 0:00:02]} Kf8 {[%emt 0:00:06]} 40. Kf3 {[%emt 0:00:01]} Ke7 {[%emt 0:00:06]} 41. Kg4 {[%emt 0:00:43]} Kf8 {[%emt 0:00:01]} 42. Kf5 {[%emt 0:00:03]} Ke7 {[%emt 0:00:01]} 43. Kg4 {[%emt 0:00:13]} Kf8 {[%emt 0:00:01]} 44. Bd3 {[%emt 0:00:07]} Bb4 {[%emt 0:00:03]} 45. Kf5 {[%emt 0:00:24]} Ke7 {[%emt 0:00:02]} 46. g4 {[%emt 0:00:03]} Be1 {[%emt 0:00:09]} 47. Be2 {[%emt 0:00:04]} Ba5 {[%emt 0:00:25]} 48. h4 {[%emt 0:00:02]} Bd2 {[%emt 0:00:07]} 49. h5 Bc3 {[%emt 0:00:13]} 50. g5 {[%emt 0:00:15]} fxg5 {[%emt 0:00:03]} 51. fxg5 {[%emt 0:00:01]} hxg5 {[%emt 0:00:05]} 52. Kxg5 {[%emt 0:00:01]} Bd2+ {[%emt 0:00:06]} 53. Kf5 {[%emt 0:00:07]} Kf8 {[%emt 0:00:07]} 54. Ke5 {[%emt 0:00:21]} Bc3 {[%emt 0:00:01]} 55. Kd5 {[%emt 0:00:01]} f5 {[%emt 0:00:00]} 56. Kxc5 {[%emt 0:00:02]} f4 {[%emt 0:00:01]} 57. Kb5 {[%emt 0:00:11]} Ke7 {[%emt 0:00:12]} 58. a5 {[%emt 0:00:04]} Kd6 {[%emt 0:00:06]} 59. a6 {[%emt 0:00:11]} Kc7 {[%emt 0:00:01]} 60. Bd3 {[%emt 0:00:03]} f3 {[%emt 0:00:14]} 61. a7 {[%emt 0:00:12]} Kb7 {[%emt 0:00:06]} 62. h6 {[%emt 0:00:02]} f2 {[%emt 0:00:00]} 63. h7 {[%emt 0:00:03]} f1=Q {[%emt 0:00:06]} 64. a8=Q+ {[%emt 0:00:08]} 1-0

[Event "Ciutat Barcelona CAT-ARG 2018"]
[Site "Barcelona"]
[Date "2018.10.14"]
[Round "13"]
[White "Alonso Rosell, Alvar"]
[Black "Peralta, Fernando"]
[Result "1/2-1/2"]
[WhiteElo "2526"]
[BlackElo "2582"]
[Annotator "ChessBase"]
[PlyCount "87"]
[EventDate "2018.10.08"]
[EventCountry "ESP"]
[SourceTitle "playchess.com"]
[Source "ChessBase"]
[SourceQuality "1"]
[TimeControl "900+5"]

1. d4 {[%emt 0:00:00]} Nf6 {[%emt 0:00:00]} 2. c4 {[%emt 0:00:00]} e6 {[%emt 0:00:00]} 3. Nf3 {[%emt 0:00:01]} b6 {[%emt 0:00:12]} 4. g3 {[%emt 0:00:02]} Bb7 {[%emt 0:00:01]} 5. Bg2 {[%emt 0:00:02]} Bb4+ {[%emt 0:00:01]} 6. Bd2 {[%emt 0:00:04]} a5 {[%emt 0:00:01]} 7. O-O {[%emt 0:00:02]} O-O {[%emt 0:00:03]} 8. Bf4 {[%emt 0:00:05]} Be7 {[%emt 0:00:04]} 9. Nc3 {[%emt 0:00:09]} Ne4 {[%emt 0:00:04]} 10. Nb5 {[%emt 0:00:01]} Na6 {[%emt 0:00:08]} 11. h4 {[%emt 0:00:02]} c6 {[%emt 0:01:13]} 12. Nc3 {[%emt 0:00:08]} Nxc3 {[%emt 0:00:07]} 13. bxc3 {[%emt 0:00:01]} d5 {[%emt 0:00:58]} 14. Rb1 {[%emt 0:00:12]} Nb8 {[%emt 0:00:55]} 15. c5 {[%emt 0:02:42]} b5 {[%emt 0:00:28]} 16. a4 {[%emt 0:01:01]} Ba6 {[%emt 0:00:23]} 17. Ne5 {[%emt 0:00:17]} Qc8 {[%emt 0:00:46]} 18. axb5 {[%emt 0:01:17]} cxb5 {[%emt 0:06:41]} 19. e4 {[%emt 0:00:02]} dxe4 {[%emt 0:00:34]} 20. Bxe4 {[%emt 0:00:17]} Ra7 {[%emt 0:00:23]} 21. Re1 {[%emt 0:00:46]} a4 {[%emt 0:00:29]} 22. c4 {[%emt 0:00:40]} a3 {[%emt 0:00:43]} 23. Qb3 {[%emt 0:02:20]} bxc4 {[%emt 0:00:52]} 24. Qxa3 {[%emt 0:00:08]} Bf6 {[%emt 0:01:02]} 25. Nxc4 {[%emt 0:03:53]} Nc6 {[%emt 0:00:21]} 26. Nd6 {[%emt 0:00:07]} Qd7 {[%emt 0:00:16]} 27. Rb6 {[%emt 0:01:31]} Bb5 {[%emt 0:00:11]} 28. Qc1 {[%emt 0:00:57]} Ba4 {[%emt 0:00:12]} 29. d5 {[%emt 0:00:05]} exd5 {[%emt 0:00:03]} 30. Bxd5 {[%emt 0:00:02]} Nd4 {[%emt 0:00:05]} 31. Qc4 {[%emt 0:00:14]} Bc6 {[%emt 0:00:12]} 32. Bxc6 {[%emt 0:00:18]} Nxc6 {[%emt 0:00:01]} 33. Bg5 {[%emt 0:00:08]} Ne5 {[%emt 0:00:01]} 34. Qd5 {[%emt 0:00:02]} Qg4 35. Rxe5 {[%emt 0:00:11]} Ra1+ {[%emt 0:00:16]} 36. Kg2 {[%emt 0:00:02]} Bxe5 {[%emt 0:00:07]} 37. Rb7 {[%emt 0:00:10]} Bxd6 {[%emt 0:00:05]} 38. cxd6 {[%emt 0:00:01]} Rd1 {[%emt 0:00:03]} 39. Qf3 {[%emt 0:00:04]} Qxf3+ {[%emt 0:00:03]} 40. Kxf3 {[%emt 0:00:02]} Rxd6 {[%emt 0:00:06]} 41. Be7 {[%emt 0:00:01]} Rd3+ {[%emt 0:00:04]} 42. Ke2 {[%emt 0:00:03]} Rdd8 {[%emt 0:00:04]} 43. Bxd8 {[%emt 0:00:02]} Rxd8 {[%emt 0:00:01]} 44. Ra7 {[%emt 0:00:02]} 1/2-1/2

[Event "Ciutat Barcelona CAT-ARG 2018"]
[Site "Barcelona"]
[Date "2018.10.14"]
[Round "13"]
[White "Asis Gargatagli, Hipolito"]
[Black "Mareco, Sandro"]
[Result "1/2-1/2"]
[WhiteElo "2526"]
[BlackElo "2653"]
[Annotator "RC"]
[PlyCount "56"]
[EventDate "2018.10.08"]
[EventCountry "ESP"]
[SourceTitle "playchess.com"]
[Source "ChessBase"]
[SourceQuality "1"]
[TimeControl "900+5"]

1. e4 {[%emt 0:00:00]} c5 {[%emt 0:00:00]} 2. Nf3 {[%emt 0:00:00]} e6 {[%emt 0:00:00]} 3. b3 {[%emt 0:00:04]} d6 {[%emt 0:00:00]} 4. Bd3 {[%emt 0:00:04]} Nf6 {[%emt 0:00:12]} 5. O-O {[%emt 0:00:04]} Nc6 {[%emt 0:00:12]} 6. Re1 {[%emt 0:00:04]} Be7 {[%emt 0:00:10]} 7. c3 {[%emt 0:00:05]} O-O {[%emt 0:00:09]} 8. Bc2 {[%emt 0:00:12]} b6 {[%emt 0:00:22]} 9. a3 {[%emt 0:00:05]} e5 {[%emt 0:00:55]} 10. b4 {[%emt 0:00:09]} a6 {[%emt 0:00:15]} 11. h3 {[%emt 0:00:30]} h6 {[%emt 0:00:53]} 12. d4 exd4 {[%emt 0:01:18]} 13. cxd4 {[%emt 0:00:16]} d5 14. exd5 {[%emt 0:01:54]} Nxd5 {[%emt 0:00:23]} 15. Qd3 {[%emt 0:00:22]} Nf6 {[%emt 0:00:11]} 16. Nc3 Nxd4 17. Nxd4 {[%emt 0:01:31]} cxd4 {[%emt 0:07:05]} 18. Ne4 g6 {[%emt 0:01:01]} 19. Bxh6 {[%emt 0:01:18]} Re8 20. Nxf6+ {[%emt 0:04:19]} Bxf6 {[%emt 0:00:02]} 21. Rxe8+ {[%emt 0:00:02]} Qxe8 {[%emt 0:00:01]} 22. Qf3 {[%emt 0:00:03]} Bf5 {[%emt 0:00:01]} 23. Bxf5 {[%emt 0:00:04]} gxf5 {[%emt 0:00:01]} 24. Qg3+ {[%emt 0:00:18]} Kh7 {[%emt 0:00:12]} 25. Bg5 {[%emt 0:00:02]} Bg7 {[%emt 0:00:10]} 26. Qh4+ {[%emt 0:00:02]} Kg6 27. Qg3 {[%emt 0:02:13]} Kh7 {[%emt 0:00:33]} 28. Qh4+ {[%emt 0:00:12]} Kg8 1/2-1/2

[Event "Ciutat Barcelona CAT-ARG 2018"]
[Site "Barcelona"]
[Date "2018.10.14"]
[Round "14"]
[White "Mareco, Sandro"]
[Black "Alonso Rosell, Alvar"]
[Result "0-1"]
[WhiteElo "2653"]
[BlackElo "2526"]
[Annotator "TA"]
[PlyCount "88"]
[EventDate "2018.10.08"]
[EventCountry "ESP"]
[SourceTitle "playchess.com"]
[Source "ChessBase"]
[SourceQuality "1"]

{[%evp 9,88,0,24,0,0,0,0,0,0,0,0,0,2,-7,25,0,0,0,-12,-5,33,-29,-24,-23,-28,-115,-110,-114,-114,-123,-96,-141,-118,-106,-85,-140,-152,-177,-176,-287,-291,-337,-288,-279,-244,-247,-244,-218,-116,-137,-128,-149,-26,-79,-89,-74,8,-19,-18,-29,-27,-739,-738,-729,-726,-690,-673,-639,-622,-925,-896,-29989,-817,-757,0,-29989,-29990,-29990,-29991,-29991,-29992]} 1. Nf3 d5 2. c4 d4 3. b4 (3. e3 Nc6 4. b4 dxe3 5. fxe3 e5 6. b5 Nb4 7. Nc3 Bf5 8. e4 Bg4 9. a3 Bxf3 10. gxf3 Nd3+ 11. Bxd3 Qxd3 12. Qe2 {1-0 (30) Iturrizaga Bonelli,E (2636)-Xiong,J (2651) chess.com INT 2018}) 3... g5 4. h3 h6 5. d3 a6 $146 ({Predecessor:} 5... Bg7 6. Nbd2 e5 7. g4 Ne7 8. Ne4 Ng6 9. h4 gxh4 10. Bh3 Nc6 {0-1 (29) Zeller,F (2397)-Kollars,D (2491) Germany 2017}) 6. g3 {A09: Réti Opening: 1 Nf3 d5 2 c4} Nc6 7. a3 Bg7 8. Bg2 {The position is equal.} e5 9. Nbd2 Nge7 10. Nb3 O-O 11. Bb2 Ng6 12. Qc2 f5 13. h4 g4 14. Nfd2 h5 15. O-O-O ({White should play} 15. Bd5+ $14 Kh7 16. Bxc6 bxc6 17. Nc5) 15... Qe7 $11 16. e3 a5 {Threatens to win with ...dxe3.} 17. b5 (17. Bxc6 $11 bxc6 18. bxa5) 17... dxe3 $1 $17 18. fxe3 (18. bxc6 $6 exd2+ 19. Qxd2 bxc6 $11) 18... a4 $36 {[%mdl 2048] Black is in control.} 19. bxc6 axb3 20. Nxb3 bxc6 $1 21. Bxc6 Rb8 22. Bd5+ (22. Rhe1 $142) 22... Kh7 {[%mdl 1024] Black has strong compensation.} 23. Rhf1 Bd7 24. Qc3 (24. c5 $142) 24... Ba4 $19 25. Na5 Qc5 26. d4 exd4 27. exd4 Qd6 ({Much less strong is} 27... Bxd1 28. Rxd1 Qd6 29. Nb7 $17) 28. Rde1 {[%cal Bd1e1,Be1e6,Be6c6,Bc6c7][%mdl 32]} c6 ({Black should try} 28... c5 $19 29. Nb7 Rxb7 $1 {[%mdl 512]} 30. Bxb7 Bxd4) 29. Re6 $17 Qd7 30. Nxc6 Rb3 (30... Bxc6 $17 31. Rxc6 Ne7) 31. Qa5 (31. Qc2 $11 Qc7 32. Qf2 (32. Rxf5 Bh6+ 33. Kb1 Rxb2+ 34. Qxb2 Rxf5 $11) (32. Ne5 Nxe5 33. dxe5 Qc5 $11)) 31... Bxc6 $1 32. Rxc6 Ne7 (32... Qe8 $1 $17 {[%cal Re8e2] White must now prevent ...Qe2.} 33. Qe1 Qb8) 33. Rc7 Qd6 {Hoping for ...Rfb8.} 34. Qa7 Re8 35. Re1 $2 {[%mdl 8192]} (35. Rd1 $11 Rxg3 36. Rb7) 35... Qh6+ $19 36. Kc2 {[#]} Rxb2+ $1 {[%mdl 512]} 37. Kxb2 Qd2+ 38. Kb3 Qxe1 39. Bc6 Qb1+ 40. Kc3 {[#]} Qc1+ (40... Nd5+ $142 $1 {[%mdl 512]} 41. cxd5 Re3+ 42. Kc4 Qc2+ 43. Kb5 Rb3+ 44. Ka5 Qc3+ 45. Ka6 Qc4+ 46. Ka5 Rxa3+ 47. Kb6 Rb3+ 48. Ka5 Qb4+ 49. Ka6 Qa3+ 50. Ba4 Qxa4#) 41. Kb3 Qb1+ (41... Qd1+ $19 42. Kc3 {[#]} Rb8 $1 {[%mdl 512]}) 42. Kc3 $1 {[#]} Nd5+ $1 {[%mdl 512] Black mates.} 43. cxd5 Re3+ 44. Kc4 Qc2+ {Precision: White = 34%, Black = 58%.} 0-1

[Event "Ciutat Barcelona CAT-ARG 2018"]
[Site "Barcelona"]
[Date "2018.10.14"]
[Round "14"]
[White "Peralta, Fernando"]
[Black "Diaz Camallonga, Carles"]
[Result "1-0"]
[WhiteElo "2582"]
[BlackElo "2444"]
[Annotator "RC"]
[PlyCount "47"]
[EventDate "2018.10.08"]
[EventCountry "ESP"]
[SourceTitle "playchess.com"]
[Source "ChessBase"]
[SourceQuality "1"]
[TimeControl "900+5"]

1. d4 {[%emt 0:00:00]} d5 {[%emt 0:00:00]} 2. c4 {[%emt 0:00:00]} c6 {[%emt 0:00:00]} 3. Nf3 {[%emt 0:00:03]} Nf6 {[%emt 0:00:00]} 4. Nc3 {[%emt 0:00:01]} e6 {[%emt 0:00:01]} 5. e3 {[%emt 0:00:02]} a6 {[%emt 0:00:01]} 6. b3 {[%emt 0:00:11]} Bb4 {[%emt 0:00:07]} 7. Bd2 {[%emt 0:00:01]} Nbd7 {[%emt 0:00:10]} 8. Bd3 {[%emt 0:00:03]} O-O {[%emt 0:00:04]} 9. O-O {[%emt 0:00:03]} Bd6 {[%emt 0:00:02]} 10. Re1 {[%emt 0:00:52]} e5 {[%emt 0:00:49]} 11. cxd5 {[%emt 0:00:07]} cxd5 {[%emt 0:00:02]} 12. e4 {[%emt 0:00:16]} exd4 {[%emt 0:05:18]} 13. Nxd5 {[%emt 0:00:04]} Nxd5 {[%emt 0:00:02]} 14. exd5 {[%emt 0:00:02]} h6 {[%emt 0:00:33]} 15. Nxd4 {[%emt 0:00:44]} Nb6 {[%emt 0:01:18]} 16. Qh5 {[%emt 0:02:55]} Qf6 {[%emt 0:01:37]} 17. Nf3 {[%emt 0:01:44]} Bd7 {[%emt 0:00:29]} 18. Be3 {[%emt 0:00:09]} Nc8 {[%emt 0:00:11]} 19. Bd4 {[%emt 0:00:35]} Qf4 {[%emt 0:01:06]} 20. h3 {[%emt 0:02:48]} Ne7 {[%emt 0:01:07]} 21. Re4 {[%emt 0:00:23]} Qf5 {[%emt 0:03:17]} 22. Rg4 {[%emt 0:00:07]} Qxh5 {[%emt 0:00:03]} 23. Rxg7+ {[%emt 0:00:03]} Kh8 {[%emt 0:00:01]} 24. Rh7+ 1-0

[Event "Ciutat Barcelona CAT-ARG 2018"]
[Site "Barcelona"]
[Date "2018.10.14"]
[Round "14"]
[White "Lopez Martinez, Josep Manuel"]
[Black "Pichot, Alan"]
[Result "1/2-1/2"]
[WhiteElo "2581"]
[BlackElo "2556"]
[Annotator "TA"]
[PlyCount "90"]
[EventDate "2018.10.08"]
[EventCountry "ESP"]
[SourceTitle "playchess.com"]
[Source "ChessBase"]
[SourceQuality "1"]

{[%evp 30,90,43,28,87,67,82,55,56,40,127,102,96,0,20,14,38,41,54,45,50,-2,0,0,0,0,0,0,0,0,5,-3,-2,-10,-18,-106,0,0,101,6,95,97,110,105,299,287,213,24,26,22,104,0,0,0,0,0,0,0,0,0,0,0,0]} 1. d4 Nf6 2. c4 g6 3. Nc3 Bg7 4. e4 d6 5. h3 O-O 6. Be3 Nbd7 7. Nf3 e5 8. d5 Nc5 9. Nd2 a5 10. g4 c6 11. Be2 a4 {E92: King's Indian: Classical: 6 Be2 e5: 7 dxe5, 7 Be3 and Petrosian System without 7...Nbd7} 12. a3 (12. h4 Qa5 13. f3 a3 14. Qc2 axb2 15. Qxb2 h5 16. g5 Nfd7 17. O-O f6 18. Kg2 Qd8 19. Nb3 fxg5 20. hxg5 {½-½ (67) Nepomniachtchi,I (2757)-Grischuk,A (2766) chess.com INT 2018}) 12... Qa5 13. Kf1 Bd7 14. h4 cxd5 15. cxd5 b5 16. h5 {[#] LiveBook: 4 Games} Rfb8 $146 (16... h6 $11) 17. g5 $16 Ne8 18. hxg6 hxg6 19. Na2 f5 (19... Nc7 $14) 20. gxf6 Nxf6 21. Rh4 ({Better is} 21. Rc1 $16) 21... Qd8 {Hoping for ...Nxd5!} 22. Bg5 Qf8 23. Kg2 Qf7 24. Nb4 Rf8 25. Qg1 (25. Be3 $14) 25... Nh5 $11 26. Bxh5 gxh5 27. f3 $1 Nb3 28. Rf1 Nxd2 29. Bxd2 Bf6 $132 {[%mdl 2048] Black is not keeping still} 30. Kh1+ Kh7 31. Rh2 Rg8 $1 {[%cal Rg8g1]} 32. Qe3 (32. Qf2 $11) 32... Qg6 (32... Bg5 $17 33. f4 Bg4) 33. Nd3 {And now f4 would win.} h4 (33... Raf8 $11 {remains equal.}) 34. f4 {[#]} ({White should play} 34. Bb4 $1 $16) 34... Rg7 (34... Bh3 $1 $11 {[%mdl 512]} 35. Qxh3 Qxe4+ 36. Rf3 Qg6) 35. fxe5 $1 $16 dxe5 36. Nc5 Bg4 $2 (36... Bc8 $16) 37. Rg2 $18 h3 {[#]} 38. Rg3 $2 (38. Rgg1 $1 $18) 38... Bh4 $11 39. Rgg1 Qb6 {[#]} (39... h2 $11 {keeps the balance.} 40. Rg2 (40. Kxh2 $2 Qh5 $19) 40... Qh5) 40. Ne6 (40. Rf5 $1 $16 {[%mdl 512] aiming for Rxg4!} Kg8 (40... Bxf5 41. Rxg7+) 41. Ne6 (41. Rxe5 Bf6 $11) 41... Qxe3 42. Bxe3) 40... Qxe3 {The position is equal.} 41. Bxe3 Bxe6 $1 42. Rxg7+ Kxg7 43. dxe6 Re8 44. Kh2 Rxe6 45. Kxh3 Be7 {Precision: White = 40%, Black = 38%.} 1/2-1/2

[Event "Ciutat Barcelona CAT-ARG 2018"]
[Site "Barcelona"]
[Date "2018.10.14"]
[Round "14"]
[White "Guerra Mendez, Jose Angel"]
[Black "Perez Ponsa, Federico"]
[Result "0-1"]
[WhiteElo "2534"]
[BlackElo "2554"]
[Annotator "TA"]
[PlyCount "56"]
[EventDate "2018.10.08"]
[EventCountry "ESP"]
[SourceTitle "playchess.com"]
[Source "ChessBase"]
[SourceQuality "1"]

{[%evp 19,56,0,17,0,10,4,12,0,-5,-9,2,-29,23,-66,-45,-112,-101,-132,-72,-81,-105,-74,-67,-360,-356,-346,-285,-609,-635,-574,-576,-1073,-777,-29988,-29989,-29996,-29997,-29997,-29998]} 1. e4 c5 2. Nf3 d6 3. d4 cxd4 4. Nxd4 Nf6 5. Nc3 a6 6. Bc4 e6 7. Bb3 Nbd7 8. Bg5 Qa5 {B86: Sicilian Scheveningen/Najdorf: 6 Bc4, without early ...b5} 9. Qd2 Be7 10. O-O-O h6 {LiveBook: 4 Games. The position is equal.} 11. Bxf6 (11. Bh4 {feels hotter.} Nc5 12. Qe1 Qc7 13. f4 O-O 14. e5) (11. Be3 Nc5 12. Kb1 Bd7 13. f3 Qc7 14. g4 b5 15. a3 Qb7 16. h4 a5 {1-0 (34) Nepomniachtchi,I (2732)-Korobov,A (2711) Khanty-Mansiysk 2017 CBM 179 [Hillarp Persson,T]}) 11... Bxf6 12. Rhe1 O-O 13. f4 {[%cal Bf2f4,Bf4f5][%mdl 32]} Nc5 14. Kb1 Qc7 15. f5 Bd7 {[#]} ({Better is} 15... Rb8) 16. g4 $146 (16. Nf3 $11) ({Predecessor:} 16. fxe6 fxe6 {½-½ (33) Swiercz,D (2585)-Bogner,S (2534) Germany 2011}) 16... b5 $1 $15 {[%cal Bb7b5,Bb5b4][%mdl 32]} 17. Qe3 (17. a3 $15) 17... b4 18. Nce2 {[%cal Bc3e2,Be2g3,Bg3h5][%mdl 32]} Rac8 (18... Bg5 $142 19. Qg1 Rac8 20. fxe6 fxe6) 19. Ng3 $17 a5 $36 {[%cal Ba6a5,Ba5a4,Ba4a3,Ba3b2][%mdl 2080] Black is in control.} 20. Nh5 Bg5 21. Qe2 $2 {[%mdl 8192] [#]} (21. Qf2 $15) 21... a4 $19 22. Bc4 a3 23. Nb5 $2 (23. fxe6 Nxe6 24. b3) 23... Bxb5 24. Bxb5 axb2 25. Rh1 Ra8 {[%cal Bc8a8,Ba8a2,Ba2a1][%mdl 32] aiming for ...Qa5.} 26. h4 {[#]} Rxa2 $1 {[%mdl 512] Black mates.} 27. hxg5 (27. Kxa2 Ra8+) 27... Ra1+ 28. Kxb2 Na4+ {Precision: White = 15%, Black = 70%.} 0-1